[Event "Chess Festival 2008 - GM Teplarny"]
[Site "Brno CZE"]
[Date "2008.06.27"]
[Round "1.1"]
[White "Talla, Vladimir"]
[Black "Macak, Stefan"]
[Result "0-1"]
[WhiteElo "2403"]
[BlackElo "2342"]
[PlyCount "114"]
[EventDate "2008.06.27"]
[EventType "tourn"]
[EventRounds "11"]
[EventCountry "CZE"]
[Source "lmi"]
[SourceDate "2008.06.27"]

1. e4 c5 2. Nf3 d6 3. d4 cxd4 4. Nxd4 Nf6 5. Nc3 a6 6. Be2 e5 7. Nb3 Be6 8. O-O
Nbd7 9. a4 Qc7 10. Be3 Rc8 11. f3 Be7 12. Qd2 Nb6 13. a5 Nc4 14. Bxc4 Bxc4 15.
Rfd1 O-O 16. Nc1 d5 17. exd5 Nxd5 18. Nxd5 Bxd5 19. Qf2 Be6 20. Rd2 Rfd8 21.
Nd3 Rd5 22. Bb6 Qc4 23. Re1 f6 24. Red1 Bf5 25. Qe3 Bf8 26. Ne1 Rxa5 27. b3 Qc6
28. c4 Qxb6 29. Qxb6 Bc5+ 30. Qxc5 Raxc5 31. Nd3 Bxd3 32. Rxd3 R5c7 33. Rd8+
Rxd8 34. Rxd8+ Kf7 35. Kf2 Ke7 36. Rh8 h6 37. Ke2 Rd7 38. Ke3 Rd6 39. Rc8 Rb6
40. Rc7+ Ke6 41. Rxg7 Rxb3+ 42. Kd2 a5 43. Kc2 a4 44. Rg8 Re3 45. Kd2 Ra3 46.
Rb8 Ra2+ 47. Kd3 Rxg2 48. Rxb7 a3 49. Ra7 a2 50. Ra6+ Kd7 51. h4 f5 52. c5 Kc7
53. Kc4 e4 54. fxe4 f4 55. Kd3 f3 56. Ke3 f2 57. Ke2 Rg1 0-1

[Event "Chess Festival 2008 - GM Teplarny"]
[Site "Brno CZE"]
[Date "2008.06.27"]
[Round "1.2"]
[White "Simacek, Pavel"]
[Black "Chytilek, Roman"]
[Result "1/2-1/2"]
[WhiteElo "2461"]
[BlackElo "2390"]
[PlyCount "119"]
[EventDate "2008.06.27"]
[EventType "tourn"]
[EventRounds "11"]
[EventCountry "CZE"]
[Source "lmi"]
[SourceDate "2008.06.27"]

1. e4 e6 2. d4 d5 3. e5 c5 4. c3 Nc6 5. Nf3 Nh6 6. Be2 Nf5 7. b3 f6 8. g4 Nh6
9. h3 fxe5 10. Nxe5 Nxe5 11. dxe5 Nf7 12. Bb5+ Bd7 13. Qe2 Bxb5 14. Qxb5+ Qd7
15. Qe2 O-O-O 16. Nd2 g5 17. Nf3 h5 18. Nxg5 hxg4 19. h4 Bg7 20. Bf4 Nxg5 21.
Bxg5 Rdf8 22. O-O-O Rf5 23. c4 Bxe5 24. cxd5 exd5 25. Qxg4 Rxf2 26. Qxd7+ Kxd7
27. Rxd5+ Ke6 28. Rd2 Rxd2 29. Kxd2 Kf5 30. Rf1+ Kg6 31. Kd3 b5 32. Rc1 Rc8 33.
Be7 Rc7 34. Bxc5 Bf6 35. Ke4 Bxh4 36. Kd5 a6 37. Rg1+ Kf5 38. Rf1+ Kg4 39. Rg1+
Kf5 40. Rg2 Bg5 41. Re2 Bf6 42. Bb6 Rc8 43. Kd6 Bg7 44. Bc7 Bh6 45. Kd7 Ra8 46.
Kc6 Rg8 47. Kb6 Rg6+ 48. Ka5 Bg7 49. b4 Bd4 50. a3 Rc6 51. Bd8 Rd6 52. Re8 Bb2
53. a4 bxa4 54. Kxa4 Re6 55. Rf8+ Ke4 56. Bh4 Kd5 57. Bf2 Rf6 58. Rd8+ Kc6 59.
Rd2 Be5 60. Rc2+ 1/2-1/2

[Event "Chess Festival 2008 - GM Teplarny"]
[Site "Brno CZE"]
[Date "2008.06.27"]
[Round "1.4"]
[White "Polak, Tomas"]
[Black "Brener, Ilja"]
[Result "1/2-1/2"]
[WhiteElo "2553"]
[BlackElo "2423"]
[PlyCount "63"]
[EventDate "2008.06.27"]
[EventType "tourn"]
[EventRounds "11"]
[EventCountry "CZE"]
[Source "lmi"]
[SourceDate "2008.06.27"]

1. d4 d5 2. c4 e6 3. Nc3 Nf6 4. cxd5 exd5 5. Bg5 Be7 6. e3 O-O 7. Bd3 c6 8. Qc2
Nbd7 9. Nge2 Re8 10. O-O h6 11. Bh4 Ne4 12. Bxe7 Qxe7 13. Rae1 Ndf6 14. f3 Nxc3
15. Nxc3 Be6 16. Kh1 Rad8 17. a3 b6 18. Qf2 c5 19. h3 Qd6 20. Bb1 Nh5 21. f4
Nf6 22. Rd1 Bc8 23. dxc5 Qxc5 24. Rd4 Rd7 25. Qd2 Rde7 26. Rf3 Bb7 27. Kh2 Re6
28. Bf5 R6e7 29. g4 g6 30. Bc2 a6 31. Rg3 Kg7 32. Bb1 1/2-1/2

[Event "Chess Festival 2008 - GM Teplarny"]
[Site "Brno CZE"]
[Date "2008.06.28"]
[Round "2.1"]
[White "Macak, Stefan"]
[Black "Bernasek, Jan"]
[Result "1/2-1/2"]
[WhiteElo "2342"]
[BlackElo "2530"]
[PlyCount "78"]
[EventDate "2008.06.27"]
[EventType "tourn"]
[EventRounds "11"]
[EventCountry "CZE"]
[Source "lmi"]
[SourceDate "2008.06.27"]

1. e4 c5 2. Nf3 e6 3. d4 cxd4 4. Nxd4 a6 5. Bd3 Bc5 6. Nb3 Ba7 7. Qe2 Nc6 8.
Be3 Nge7 9. c4 d6 10. Nc3 O-O 11. O-O e5 12. Nd5 a5 13. Bxa7 Rxa7 14. Qe3 a4
15. Nc1 Qa5 16. Ne2 Nxd5 17. cxd5 Nb4 18. a3 Nxd3 19. Qxd3 Bd7 20. Nc3 Qb6 21.
Qd2 Ra5 22. Kh1 Bb5 23. Rfd1 Bc4 24. Rac1 Bb3 25. Re1 f5 26. f3 h6 27. exf5 Qd4
28. Qe2 Rxf5 29. Qe4 Rf6 30. Ne2 Qxd5 31. Rc8+ Rf8 32. Rxf8+ Kxf8 33. Qf5+ Kg8
34. Qc8+ Kh7 35. Qf5+ Kh8 36. Qf8+ Kh7 37. Qf5+ Kg8 38. Qc8+ Kh7 39. Qf5+ Kg8
1/2-1/2

[Event "Chess Festival 2008 - GM Teplarny"]
[Site "Brno CZE"]
[Date "2008.06.28"]
[Round "2.4"]
[White "Philippe, Christophe"]
[Black "Polak, Tomas"]
[Result "1/2-1/2"]
[WhiteElo "2407"]
[BlackElo "2553"]
[PlyCount "72"]
[EventDate "2008.06.27"]
[EventType "tourn"]
[EventRounds "11"]
[EventCountry "CZE"]
[Source "lmi"]
[SourceDate "2008.06.27"]

1. e4 c5 2. Nf3 Nc6 3. c3 Nf6 4. e5 Nd5 5. d4 cxd4 6. cxd4 d6 7. Bc4 dxe5 8.
Bxd5 Qxd5 9. Nc3 Qd6 10. d5 Nd4 11. Nxd4 exd4 12. Qxd4 e5 13. Qd3 Bd7 14. O-O
Qg6 15. Qe2 Bd6 16. f4 O-O 17. fxe5 Rfe8 18. Bf4 Bxe5 19. Bxe5 f6 20. Rae1 Rxe5
21. Qf2 Rxe1 22. Rxe1 Re8 23. Re3 b6 24. h3 Kf8 25. Qf4 Rxe3 26. Qxe3 Qf5 27.
Qd4 Qe5 28. Qb4+ Kf7 29. Qc4 Ke7 30. Qb4+ Ke8 31. Kf2 Qf5+ 32. Kg1 Qe5 33. Kf2
h5 34. h4 Qf5+ 35. Kg1 Qe5 36. Kf2 Qf5+ 1/2-1/2

[Event "Chess Festival 2008 - GM Teplarny"]
[Site "Brno CZE"]
[Date "2008.06.28"]
[Round "2.5"]
[White "Chytilek, Roman"]
[Black "Vyskocil, Neklan"]
[Result "0-1"]
[WhiteElo "2390"]
[BlackElo "2313"]
[PlyCount "96"]
[EventDate "2008.06.27"]
[EventType "tourn"]
[EventRounds "11"]
[EventCountry "CZE"]
[Source "lmi"]
[SourceDate "2008.06.27"]

1. d4 Nf6 2. c4 e6 3. Nf3 b6 4. g3 Bb7 5. Bg2 Be7 6. O-O O-O 7. Re1 a5 8. Bg5
d6 9. Qc2 h6 10. Bf4 Na6 11. Nc3 d5 12. Ne5 Qc8 13. cxd5 exd5 14. a3 c5 15. Na4
cxd4 16. Qxc8 Raxc8 17. Nxb6 Rc2 18. Nbc4 dxc4 19. Bxb7 Nc5 20. Nc6 Re8 21.
Nxd4 Rxb2 22. Bf3 Nb3 23. Nxb3 Rxb3 24. a4 Ba3 25. Kg2 c3 26. Rab1 Bb2 27. Bc1
Ne4 28. e3 Nc5 29. Bd1 Rb4 30. Re2 Reb8 31. Bxb2 cxb2 32. Bc2 g6 33. Kf1 Rc4
34. Kg2 Rc3 35. h4 h5 36. Rd2 Rb4 37. Kf3 Ra3 38. Ke2 Ra1 39. Rdd1 Ra2 40. Rd2
Kg7 41. f3 Ra1 42. Rdd1 Ra3 43. Rd2 Nb3 44. Rd5 Ra1 45. Rdd1 Raxa4 46. Bxb3
Rxb3 47. Kd2 Rab4 48. Kc2 Rxe3 0-1

[Event "Chess Festival 2008 - GM Teplarny"]
[Site "Brno CZE"]
[Date "2008.06.28"]
[Round "2.6"]
[White "Talla, Vladimir"]
[Black "Simacek, Pavel"]
[Result "1-0"]
[WhiteElo "2403"]
[BlackElo "2461"]
[PlyCount "67"]
[EventDate "2008.06.27"]
[EventType "tourn"]
[EventRounds "11"]
[EventCountry "CZE"]
[Source "lmi"]
[SourceDate "2008.06.27"]

1. e4 c5 2. Nf3 d6 3. d4 cxd4 4. Nxd4 Nf6 5. Nc3 a6 6. Be3 e6 7. f3 Be7 8. Qd2
Nc6 9. O-O-O O-O 10. g4 Nxd4 11. Qxd4 Nd7 12. h4 Ne5 13. Be2 b5 14. Kb1 Nc6 15.
Qd2 Qa5 16. Bd3 b4 17. Ne2 Qc7 18. g5 a5 19. f4 Rd8 20. f5 Ne5 21. f6 Bf8 22.
Nf4 Nc4 23. Bxc4 Qxc4 24. fxg7 Bxg7 25. Nh5 Bb7 26. Nxg7 Kxg7 27. Qf2 e5 28. h5
Qe6 29. g6 Bxe4 30. gxf7 Bxh1 31. Rg1+ Kh8 32. Bg5 h6 33. Bxd8 Rxd8 34. f8=Q+
1-0

[Event "Chess Festival 2008 - GM Teplarny"]
[Site "Brno CZE"]
[Date "2008.06.28"]
[Round "3.6"]
[White "Bernasek, Jan"]
[Black "Bobras, Piotr"]
[Result "0-1"]
[WhiteElo "2530"]
[BlackElo "2576"]
[PlyCount "74"]
[EventDate "2008.06.27"]
[EventType "tourn"]
[EventRounds "11"]
[EventCountry "CZE"]
[Source "lmi"]
[SourceDate "2008.06.27"]

1. d4 d5 2. c4 c6 3. Nf3 Nf6 4. Nc3 e6 5. g3 Nbd7 6. Bg2 dxc4 7. O-O b5 8. e4
Bb7 9. e5 Nd5 10. Ng5 h6 11. Nxe6 fxe6 12. Qh5+ Ke7 13. Ne4 Qe8 14. Bg5+ hxg5
15. Qxh8 Qg6 16. Nd6 Rb8 17. f4 Ne3 18. Be4 Qh6 19. Qg8 Ng4 20. h4 gxh4 21. Kg2
Qh5 22. Rae1 Ndf6 23. exf6+ Nxf6 24. Nf5+ Qxf5 25. Bxf5 Nxg8 26. Bxe6 Nf6 27.
Bxc4+ Kd8 28. Be2 hxg3 29. Kxg3 Bb4 30. Rd1 Bd6 31. Kh4 Nd5 32. Kg5 Be7+ 33.
Kg6 Bf6 34. Kf7 Kd7 35. Bg4+ Kd6 36. Rfe1 Nxf4 37. Re4 Nd5 0-1

[Event "Chess Festival 2008 - GM Teplarny"]
[Site "Brno CZE"]
[Date "2008.06.29"]
[Round "4.2"]
[White "Brener, Ilja"]
[Black "Bernasek, Jan"]
[Result "1-0"]
[WhiteElo "2423"]
[BlackElo "2530"]
[PlyCount "241"]
[EventDate "2008.06.27"]
[EventType "tourn"]
[EventRounds "11"]
[EventCountry "CZE"]
[Source "lmi"]
[SourceDate "2008.06.27"]

1. Nf3 f5 2. c4 Nf6 3. g3 g6 4. Bg2 Bg7 5. O-O O-O 6. d4 d6 7. Nc3 c6 8. d5 e5
9. dxe6 Bxe6 10. Qd3 Kh8 11. Bf4 Ne8 12. b4 Nd7 13. Rac1 Ne5 14. Nxe5 dxe5 15.
Be3 Qf6 16. Na4 e4 17. Qc2 Nd6 18. Nc5 Bc8 19. Rfd1 Qe7 20. Bd4 Bxd4 21. Rxd4
b6 22. Nb3 Nf7 23. Qc3 Kg8 24. f3 Ng5 25. c5 Ba6 26. Qe3 Rae8 27. f4 Ne6 28.
Rd6 bxc5 29. bxc5 Bb5 30. Bf1 g5 31. fxg5 f4 32. Qxe4 fxg3 33. hxg3 Nxg5 34.
Qxe7 Rxe7 35. Nd4 Ne4 36. Nxb5 cxb5 37. Rd3 Rg7 38. Kh2 Nxc5 39. Rxc5 Rxf1 40.
Rd8+ Rf8 41. Rxf8+ Kxf8 42. Rxb5 Re7 43. Rb2 Kf7 44. Kg2 Ke6 45. Rb3 Kd5 46.
Kf3 Rf7+ 47. Ke3 Re7+ 48. Kd2 Rg7 49. Rf3 Ke4 50. Re3+ Kd4 51. Ra3 Ke4 52. Ke1
Rf7 53. Rb3 Rc7 54. Kf2 Rc6 55. Rb4+ Ke5 56. Ra4 Rc7 57. Kf3 Rf7+ 58. Ke3 Rc7
59. Ra5+ Kf6 60. Kf4 Ke7 61. Ra6 Ke8 62. e4 Rf7+ 63. Ke5 Rg7 64. Ra3 Rb7 65.
Ra6 Rg7 66. Ra3 Re7+ 67. Kd5 Rd7+ 68. Kc4 Re7 69. Kd4 Rd7+ 70. Ke3 Rg7 71. Kf4
Rf7+ 72. Kg4 Rg7+ 73. Kh5 Kf8 74. g4 Re7 75. Ra4 Kf7 76. Kg5 Ke6 77. Kf4 Rf7+
78. Ke3 Rg7 79. Ra6+ Ke5 80. Ra5+ Ke6 81. g5 Rf7 82. a3 Rb7 83. Kf4 Rf7+ 84.
Rf5 Rb7 85. Rf6+ Ke7 86. Ra6 Ke8 87. Kf5 Rf7+ 88. Rf6 Rb7 89. e5 Rb3 90. Ra6
Rf3+ 91. Ke6 Rf7 92. a4 Rg7 93. Kf5 Rf7+ 94. Rf6 Rc7 95. a5 Rc5 96. Ra6 Rc7 97.
Re6+ Kf7 98. Rd6 Ke7 99. Rh6 Ke8 100. g6 hxg6+ 101. Rxg6 Rf7+ 102. Rf6 Rh7 103.
Ra6 Rf7+ 104. Ke4 Rb7 105. Rh6 Rg7 106. Rh8+ Kd7 107. Kd5 a6 108. Rh6 Rg1 109.
Rh7+ Kd8 110. Kd6 Rd1+ 111. Ke6 Ra1 112. Rd7+ Kc8 113. Rd5 Kc7 114. Rc5+ Kd8
115. Kd6 Rd1+ 116. Kc6 Rb1 117. Kd6 Rd1+ 118. Rd5 Ra1 119. Kc6+ Ke7 120. Kb6
Ke6 121. Rc5 1-0

[Event "Chess Festival 2008 - GM Teplarny"]
[Site "Brno CZE"]
[Date "2008.06.29"]
[Round "4.4"]
[White "Chytilek, Roman"]
[Black "Mista, Aleksander"]
[Result "0-1"]
[WhiteElo "2390"]
[BlackElo "2537"]
[PlyCount "62"]
[EventDate "2008.06.27"]
[EventType "tourn"]
[EventRounds "11"]
[EventCountry "CZE"]
[Source "lmi"]
[SourceDate "2008.06.27"]

1. d4 d5 2. c4 dxc4 3. Nf3 Nf6 4. e3 e6 5. Bxc4 c5 6. O-O a6 7. Bb3 cxd4 8.
exd4 Nc6 9. Nc3 Be7 10. Bg5 O-O 11. Qd2 h6 12. Bf4 Re8 13. Rfe1 Bf8 14. Rad1
Na5 15. Bc2 Nc4 16. Qc1 b5 17. Ne5 Bb7 18. Nxc4 bxc4 19. Be5 Rc8 20. Bb1 Nd5
21. Re2 Qg5 22. Qxg5 hxg5 23. f3 Red8 24. Kf2 Bb4 25. Nxd5 Bxd5 26. Ke3 f6 27.
Bg3 e5 28. Bf5 exd4+ 29. Rxd4 Bc5 30. Bxc8 Bxd4+ 31. Kxd4 Bxf3+ 0-1

[Event "Chess Festival 2008 - GM Teplarny"]
[Site "Brno CZE"]
[Date "2008.06.29"]
[Round "4.5"]
[White "Talla, Vladimir"]
[Black "Polak, Tomas"]
[Result "1/2-1/2"]
[WhiteElo "2403"]
[BlackElo "2553"]
[PlyCount "36"]
[EventDate "2008.06.27"]
[EventType "tourn"]
[EventRounds "11"]
[EventCountry "CZE"]
[Source "lmi"]
[SourceDate "2008.06.27"]

1. e4 c5 2. Nf3 Nc6 3. d4 cxd4 4. Nxd4 e5 5. Nb5 d6 6. N1c3 a6 7. Na3 Be7 8.
Nc4 b5 9. Ne3 Nf6 10. Bd3 O-O 11. O-O b4 12. Ncd5 Nxd5 13. Nxd5 Bg5 14. a3 Bxc1
15. Qxc1 Rb8 16. axb4 Nxb4 17. Nxb4 Rxb4 18. c3 Rb6 1/2-1/2

[Event "Chess Festival 2008 - GM Teplarny"]
[Site "Brno CZE"]
[Date "2008.06.29"]
[Round "4.6"]
[White "Simacek, Pavel"]
[Black "Vyskocil, Neklan"]
[Result "1-0"]
[WhiteElo "2461"]
[BlackElo "2313"]
[PlyCount "89"]
[EventDate "2008.06.27"]
[EventType "tourn"]
[EventRounds "11"]
[EventCountry "CZE"]
[Source "lmi"]
[SourceDate "2008.06.27"]

1. e4 c5 2. c3 d5 3. exd5 Qxd5 4. d4 g6 5. Nf3 Bg7 6. Na3 cxd4 7. Bc4 Qe4+ 8.
Be3 Nh6 9. cxd4 O-O 10. O-O Nf5 11. Re1 Nh4 12. Nxh4 Qxh4 13. Qd2 Nc6 14. Rad1
a6 15. d5 Ne5 16. Bg5 Nxc4 17. Bxh4 Nxd2 18. Rxd2 Bh6 19. Rdd1 g5 20. Bg3 Bg7
21. Nc4 b5 22. Nb6 Ra7 23. d6 Be6 24. d7 Rd8 25. Rd2 Rb7 26. Rc1 Rxb6 27. Bc7
Rxd7 28. Rxd7 Bxd7 29. Bxb6 Bxb2 30. Rc7 Be6 31. Rxe7 Kg7 32. Ra7 Bxa2 33. Rxa6
Bc4 34. Bc5 Bc3 35. Rd6 Be5 36. Bd4 Bxd4 37. Rxd4 Kf6 38. f4 gxf4 39. Rxf4+ Ke5
40. g3 Kd6 41. Kf2 Kc5 42. Ke3 b4 43. Rf5+ Bd5 44. Kd3 Kd6 45. Kd4 1-0

[Event "Chess Festival 2008 - GM Teplarny"]
[Site "Brno CZE"]
[Date "2008.06.30"]
[Round "5.1"]
[White "Vyskocil, Neklan"]
[Black "Macak, Stefan"]
[Result "0-1"]
[WhiteElo "2313"]
[BlackElo "2342"]
[PlyCount "82"]
[EventDate "2008.06.27"]
[EventType "tourn"]
[EventRounds "11"]
[EventCountry "CZE"]
[Source "lmi"]
[SourceDate "2008.06.27"]

1. c4 Nf6 2. Nc3 c5 3. g3 d5 4. cxd5 Nxd5 5. Bg2 Nc7 6. d3 e5 7. Be3 Be7 8. Rc1
Ne6 9. Nf3 Nc6 10. Nd2 Bd7 11. Nc4 O-O 12. O-O Qb8 13. Nd5 Bd6 14. Qd2 Ned4 15.
Nxd6 Qxd6 16. f4 b6 17. Rce1 Be6 18. Nc3 Rad8 19. b3 Qd7 20. fxe5 Nxe5 21. Bf4
Nec6 22. Rf2 Rfe8 23. Ne4 Bh3 24. Bh1 f6 25. Qb2 Nb4 26. Bd2 Nd5 27. Nc3 Be6
28. Ref1 Bf7 29. Bg2 Re7 30. Be4 Rde8 31. e3 Nc6 32. a3 Nxc3 33. Qxc3 Bd5 34.
Bf5 Be6 35. Be4 Bh3 36. Re1 Ne5 37. d4 Nf7 38. Bc2 cxd4 39. exd4 Rxe1+ 40. Bxe1
Qxd4 41. Bd3 Qxd3 0-1

[Event "Chess Festival 2008 - GM Teplarny"]
[Site "Brno CZE"]
[Date "2008.06.30"]
[Round "5.2"]
[White "Polak, Tomas"]
[Black "Simacek, Pavel"]
[Result "1-0"]
[WhiteElo "2553"]
[BlackElo "2461"]
[PlyCount "81"]
[EventDate "2008.06.27"]
[EventType "tourn"]
[EventRounds "11"]
[EventCountry "CZE"]
[Source "lmi"]
[SourceDate "2008.06.27"]

1. d4 d5 2. c4 e6 3. Nc3 Nf6 4. cxd5 exd5 5. Bg5 Nbd7 6. e3 Be7 7. Bd3 O-O 8.
Nge2 c6 9. Qc2 Re8 10. O-O Nf8 11. f3 Be6 12. Rad1 Rc8 13. a3 Ng6 14. Kh1 Nd7
15. Bxe7 Qxe7 16. b4 Nb6 17. Ng3 Bd7 18. Rde1 Qf6 19. Qf2 Rcd8 20. f4 Nf8 21.
f5 Bc8 22. Qf4 Qd6 23. Qh4 Nbd7 24. Nh5 Qh6 25. g4 f6 26. Qg3 Re7 27. Kg1 Rde8
28. Nf4 g6 29. Kf2 gxf5 30. Bxf5 Rg7 31. Qh3 Qxh3 32. Nxh3 Nb6 33. Nf4 Rg5 34.
h4 Rxf5 35. gxf5 Bxf5 36. Nh5 Nfd7 37. Kg3 Bg6 38. Nxf6+ Nxf6 39. Rxf6 Nc4 40.
b5 Nxe3 41. Rxg6+ 1-0

[Event "Chess Festival 2008 - GM Teplarny"]
[Site "Brno CZE"]
[Date "2008.06.30"]
[Round "5.3"]
[White "Mista, Aleksander"]
[Black "Talla, Vladimir"]
[Result "1-0"]
[WhiteElo "2537"]
[BlackElo "2403"]
[PlyCount "101"]
[EventDate "2008.06.27"]
[EventType "tourn"]
[EventRounds "11"]
[EventCountry "CZE"]
[Source "lmi"]
[SourceDate "2008.06.27"]

1. e4 e5 2. Nc3 Nf6 3. Bc4 Nc6 4. f4 Bc5 5. d3 d6 6. Nf3 Bg4 7. h3 Bxf3 8. Qxf3
Nd4 9. Qg3 O-O 10. fxe5 dxe5 11. Bh6 Nh5 12. Qxe5 Qh4+ 13. Kd1 Qf2 14. Bb3 Qxg2
15. Re1 Nf3 16. Qxc5 Nxe1 17. Kxe1 gxh6 18. Qxh5 Qg1+ 19. Kd2 Qxa1 20. Nd1 Rad8
21. e5 Rde8 22. Qg4+ Kh8 23. Qf4 Kg8 24. Qf6 Re6 25. Bxe6 fxe6 26. Qxe6+ Kh8
27. a3 h5 28. Qh6 Rf1 29. Qxh5 Qa2 30. Qe2 Rf8 31. c4 Qb3 32. e6 Qb6 33. Qe5+
Kg8 34. c5 Qb3 35. e7 Re8 36. Ne3 Qf7 37. Nf5 Qg6 38. d4 Kf7 39. d5 Qg2+ 40.
Kc3 Qxh3+ 41. Kb4 a5+ 42. Kxa5 Ra8+ 43. Kb4 Qg4+ 44. Kb3 Qg6 45. d6 Qe6+ 46.
Qxe6+ Kxe6 47. Ng7+ Kd7 48. e8=Q+ Rxe8 49. Nxe8 Kxe8 50. dxc7 Kd7 51. Kc4 1-0

[Event "Chess Festival 2008 - GM Teplarny"]
[Site "Brno CZE"]
[Date "2008.07.01"]
[Round "6.1"]
[White "Macak, Stefan"]
[Black "Brener, Ilja"]
[Result "1/2-1/2"]
[WhiteElo "2342"]
[BlackElo "2423"]
[PlyCount "39"]
[EventDate "2008.06.27"]
[EventType "tourn"]
[EventRounds "11"]
[EventCountry "CZE"]
[Source "lmi"]
[SourceDate "2008.06.27"]

1. e4 e5 2. Nf3 Nc6 3. Bb5 a6 4. Ba4 Nf6 5. O-O Be7 6. Re1 b5 7. Bb3 d6 8. c3
O-O 9. h3 Nb8 10. d4 Nbd7 11. Nbd2 Bb7 12. Bc2 Re8 13. Nf1 Bf8 14. Ng3 c6 15.
Nh2 d5 16. dxe5 Nxe4 17. Nxe4 dxe4 18. Rxe4 Nxe5 19. Bf4 Ng6 20. Bg3 1/2-1/2

[Event "Chess Festival 2008 - GM Teplarny"]
[Site "Brno CZE"]
[Date "2008.07.01"]
[Round "6.2"]
[White "Philippe, Christophe"]
[Black "Bobras, Piotr"]
[Result "1/2-1/2"]
[WhiteElo "2407"]
[BlackElo "2576"]
[PlyCount "26"]
[EventDate "2008.06.27"]
[EventType "tourn"]
[EventRounds "11"]
[EventCountry "CZE"]
[Source "lmi"]
[SourceDate "2008.06.27"]

1. e4 c5 2. Nf3 d6 3. d4 cxd4 4. Nxd4 Nf6 5. Nc3 e6 6. Be2 Nc6 7. Be3 Be7 8.
O-O a6 9. a4 Bd7 10. f4 Nxd4 11. Bxd4 Bc6 12. Qd3 O-O 13. Rf3 Nd7 1/2-1/2

[Event "Chess Festival 2008 - GM Teplarny"]
[Site "Brno CZE"]
[Date "2008.07.01"]
[Round "6.5"]
[White "Simacek, Pavel"]
[Black "Mista, Aleksander"]
[Result "1/2-1/2"]
[WhiteElo "2461"]
[BlackElo "2537"]
[PlyCount "141"]
[EventDate "2008.06.27"]
[EventType "tourn"]
[EventRounds "11"]
[EventCountry "CZE"]
[Source "lmi"]
[SourceDate "2008.06.27"]

1. e4 c5 2. Nf3 d6 3. d4 Nf6 4. Nc3 cxd4 5. Nxd4 a6 6. Bg5 e6 7. f4 Be7 8. Qf3
Qc7 9. O-O-O Nbd7 10. g4 Rb8 11. Bxf6 Bxf6 12. g5 Bxd4 13. Rxd4 b5 14. a3 Qc5
15. Qd3 b4 16. axb4 Rxb4 17. Rxb4 Qxb4 18. Kb1 Bb7 19. Bg2 Ke7 20. Rd1 Rb8 21.
b3 a5 22. Qd2 Bc6 23. Ne2 Qxd2 24. Rxd2 Nc5 25. Nd4 Bxe4 26. Bxe4 Nxe4 27. Nc6+
Ke8 28. Rd4 Rb6 29. Nxa5 d5 30. Kb2 Nd6 31. c4 Nf5 32. Rd2 d4 33. Ka3 f6 34. c5
Ra6 35. b4 e5 36. fxe5 fxe5 37. Re2 Re6 38. Re4 Ne3 39. Kb3 Kd7 40. b5 Nd1 41.
Nc4 Nc3 42. Rxe5 Nxb5 43. c6+ Rxc6 44. Rxb5 Ke6 45. Re5+ Kf7 46. Re4 Kg6 47.
Rxd4 Kxg5 48. Nd2 Kf5 49. Nf1 g5 50. Ng3+ Kg6 51. Rd8 h6 52. Rd5 Kf6 53. Ne4+
Kg6 54. Ng3 Kf6 55. Ne2 Kg6 56. Nc3 Kh5 57. Kc2 Kh4 58. Rd3 g4 59. Kd2 Rf6 60.
Ne4 Rf4 61. Re3 Rf1 62. Re2 Ra1 63. Rf2 Kh3 64. Rf6 Ra2+ 65. Ke3 Ra3+ 66. Ke2
Ra2+ 67. Kf1 Ra1+ 68. Kf2 Ra2+ 69. Kg1 Ra1+ 70. Kf2 Ra2+ 71. Kg1 1/2-1/2

[Event "Chess Festival 2008 - GM Teplarny"]
[Site "Brno CZE"]
[Date "2008.07.02"]
[Round "7.1"]
[White "Polak, Tomas"]
[Black "Macak, Stefan"]
[Result "1-0"]
[WhiteElo "2553"]
[BlackElo "2342"]
[PlyCount "51"]
[EventDate "2008.06.27"]
[EventType "tourn"]
[EventRounds "11"]
[EventCountry "CZE"]
[Source "lmi"]
[SourceDate "2008.06.27"]

1. d4 Nf6 2. c4 e6 3. Nf3 b6 4. g3 Ba6 5. b3 Bb4+ 6. Bd2 Be7 7. Nc3 d5 8. cxd5
Nxd5 9. Bg2 Nd7 10. Nxd5 exd5 11. O-O O-O 12. Rc1 Re8 13. Re1 c5 14. Bc3 Bb7
15. Qc2 Bf6 16. Qb2 Qc7 17. Bh3 Rac8 18. dxc5 Bxc3 19. Rxc3 bxc5 20. Rec1 Ba6
21. Nd4 c4 22. Qa3 Nb8 23. Bxc8 Qxc8 24. Qd6 Rd8 25. Qf4 Nd7 26. Nf5 1-0

[Event "Chess Festival 2008 - GM Teplarny"]
[Site "Brno CZE"]
[Date "2008.07.02"]
[Round "7.2"]
[White "Mista, Aleksander"]
[Black "Vyskocil, Neklan"]
[Result "0-1"]
[WhiteElo "2537"]
[BlackElo "2313"]
[PlyCount "56"]
[EventDate "2008.06.27"]
[EventType "tourn"]
[EventRounds "11"]
[EventCountry "CZE"]
[Source "lmi"]
[SourceDate "2008.06.27"]

1. e4 c5 2. Nf3 d6 3. d4 cxd4 4. Nxd4 Nf6 5. Nc3 Nc6 6. Bg5 e6 7. Qd2 a6 8.
O-O-O Be7 9. f3 Nxd4 10. Qxd4 b5 11. Kb1 Bb7 12. h4 Rc8 13. g4 Qc7 14. Qf2 O-O
15. Be3 b4 16. Na4 Bxe4 17. Rh2 Qc6 18. fxe4 Nxg4 19. Qg3 Nxh2 20. Bd3 Qxa4 21.
Bh6 g6 22. e5 b3 23. axb3 Qxh4 24. Qxh4 Bxh4 25. Bxf8 Kxf8 26. exd6 a5 27. Ba6
Rd8 28. c4 Bf2 0-1

[Event "Chess Festival 2008 - GM Teplarny"]
[Site "Brno CZE"]
[Date "2008.07.02"]
[Round "7.4"]
[White "Bernasek, Jan"]
[Black "Talla, Vladimir"]
[Result "1/2-1/2"]
[WhiteElo "2530"]
[BlackElo "2403"]
[PlyCount "100"]
[EventDate "2008.06.27"]
[EventType "tourn"]
[EventRounds "11"]
[EventCountry "CZE"]
[Source "lmi"]
[SourceDate "2008.06.27"]

1. c4 e6 2. d4 d5 3. Nc3 Be7 4. cxd5 exd5 5. Bf4 c6 6. e3 Bf5 7. f3 Bg6 8. Nge2
Nf6 9. g4 Nfd7 10. Bg3 h5 11. Nf4 Nf8 12. gxh5 Bxh5 13. Bg2 Ne6 14. Nxh5 Rxh5
15. Qe2 g6 16. O-O-O Na6 17. Kb1 Nac7 18. e4 Qd7 19. h4 O-O-O 20. Bh3 Bd6 21.
f4 Rdh8 22. Bg4 R5h6 23. e5 Bb4 24. Qf3 Kb8 25. f5 gxf5 26. Bxf5 Be7 27. h5 Bg5
28. Ne2 Qe7 29. a3 Ka8 30. Be1 Ng7 31. Ng3 Nce6 32. Bg4 Qe8 33. Bb4 f6 34. Bd6
fxe5 35. dxe5 Be7 36. Rdf1 Ng5 37. Qc3 Ne4 38. Nxe4 dxe4 39. Qb4 Bd8 40. Qb3
Nxh5 41. Rf7 Bb6 42. Bxh5 Rxh5 43. Rxh5 Rxh5 44. e6 e3 45. e7 e2 46. Rf8 e1=Q+
47. Ka2 Rh8 48. Qf7 Q1xe7 49. Bxe7 Rxf8 50. Qxf8 Qxf8 1/2-1/2

[Event "Chess Festival 2008 - GM Teplarny"]
[Site "Brno CZE"]
[Date "2008.07.02"]
[Round "7.6"]
[White "Brener, Ilja"]
[Black "Philippe, Christophe"]
[Result "0-1"]
[WhiteElo "2423"]
[BlackElo "2407"]
[PlyCount "56"]
[EventDate "2008.06.27"]
[EventType "tourn"]
[EventRounds "11"]
[EventCountry "CZE"]
[Source "lmi"]
[SourceDate "2008.06.27"]

1. Nf3 f5 2. c4 Nf6 3. g3 g6 4. Bg2 Bg7 5. O-O O-O 6. d4 d6 7. Nc3 Qe8 8. d5 a5
9. Be3 h6 10. Nb5 Na6 11. Qd2 g5 12. Qxa5 b6 13. Qd2 Qh5 14. Bd4 f4 15. Bxf6
Rxf6 16. Nfd4 Bd7 17. a4 Raf8 18. a5 bxa5 19. Qxa5 Nc5 20. Ra3 Bh3 21. f3 fxg3
22. hxg3 g4 23. f4 Bxg2 24. Kxg2 Qh3+ 25. Kg1 Ne4 26. Qe1 Rf5 27. Nxf5 Rxf5 28.
Ra8+ Kh7 0-1